Billboard Number One Hits of the 1960's - Statistics

General Stats
  • This quiz has been taken 99 times
  • The average score is 101 of 203
Answer Stats
Answer % Correct
A Hard Day's Night | All You Need Is Love | Can't Buy Me Love | +14 others The Beatles
97%
Are You Lonesome Tonight? | Good Luck Charm | It's Now Or Never | +3 others Elvis Presley
95%
Get Off Of My Cloud | Honky Tonk Woman | Paint It Black | Ruby Tuesday The Rolling Stones
95%
Good Vibrations | Help Me Rhonda | I Get Around The Beach Boys
88%
Mrs Robinson | The Sound Of Silence Simon & Garfunkel
83%
Daydream Believer | I'm A Believer | Last Train To Clarksville The Monkees
83%
Respect Aretha Franklin
82%
Strangers In The Night Frank Sinatra
82%
These Boots Are Made For Walkin' Nancy Sinatra
82%
The House Of The Rising Sun The Animals
82%
Oh, Pretty Woman | Running Scared Roy Orbison
78%
I Heard It Through The Grapevine Marvin Gaye
76%
Georgia On My Mind | Hit The Road Jack | I Can't Stop Loving You Ray Charles
76%
Mr Tambourine Man | Turn! Turn! Turn! (To Everything There Is A Season) The Byrds
76%
Love Child | Someday We'll Be Together Diana Ross & The Supremes
75%
(Sittin' On) The Dock Of The Bay Otis Redding
75%
Pony Time | The Twist Chubby Checker
74%
Hello, I Love You | Light My Fire The Doors
74%
Baby Love | Back In My Arms Again | Come See About Me | +7 others The Supremes
74%
I Can't Get Next To You | My Girl The Temptations
74%
I Got You Babe Sonny & Cher
67%
Big Girls Don't Cry | Rag Doll | Sherry | Walk Like A Man The Four Seasons
67%
Happy Together The Turtles
67%
(You're My) Soul And Inspiration | You've Lost That Lovin' Feelin' The Righteous Brothers
63%
Sugar Sugar The Archies
61%
Monday Monday The Mamas & The Papas
61%
Wild Thing The Troggs
61%
Runaround Sue Dion
58%
I Can't Help Myself (Sugar Pie, Honey Bunch) | Reach Out I'll Be There Four Tops
54%
Downtown | My Love Petula Clark
54%
Do Wah Diddy Diddy Manfred Mann
53%
When A Man Loves A Woman Percy Sledge
53%
Cathy's Clown The Everly Brothers
53%
I'm Henry VIII, I Am | Mrs Brown, You've Got A Lovely Daughter Herman's Hermits
50%
Sunshine Superman Donovan
47%
El Paso Marty Robbins
47%
Breaking Up Is Hard To Do Neil Sedaka
47%
Everyday People Sly & The Family Stone
47%
Everybody Loves Somebody Dean Martin
46%
The Loco-Motion Little Eva
46%
Leaving On A Jet Plane Peter, Paul & Mary
46%
Hello, Dolly! Louis Armstrong
45%
Soldier Boy | Will You Love Me Tomorrow The Shirelles
45%
Somethin' Stupid Nancy Sinatra & Frank Sinatra
43%
Aquarius/ Let The Sunshine In | Wedding Bell Blues The 5th Dimension
43%
Crimson And Clover | Hanky Panky Tommy James & The Shondells
43%
The Letter Box Tops
42%
It's My Party Lesley Gore
42%
Runaway Del Shannon
41%
To Sir With Love Lulu
41%
Save The Last Dance For Me The Drifters
41%
Summer In The City The Lovin' Spoonful
41%
Travelin' Man Ricky Nelson
38%
Surf City Jan And Dean
37%
Leader Of The Pack The Shangri-Las
37%
The Lion Sleeps Tonight The Tokens
36%
I Want To Be Wanted | I'm Sorry Brenda Lee
34%
Fingertips Little Stevie Wonder
34%
Theme From A Summer Place Percy Faith
34%
Please Mr Postman The Marvelettes
34%
Itsy Bitsy Teenie Weenie Yellow Polka Dot Bikini Brian Hyland
33%
Get Back The Beatles & Billy Preston
33%
96 Tears ? & The Mysterians
33%
Ode To Billie Joe Bobbie Gentry
32%
Incense And Peppermints Strawberry Alarm Clock
32%
Dominique The Singing Nun
32%
Dizzy | Sheila Tommy Roe
32%
My Guy Mary Wells
30%
Hey Paula Paul & Paula
30%
Cherish | Windy The Association
30%
Blue Velvet | Mr Lonely | Roses Are Red (My Love) | There! I've Said It Again Bobby Vinton
29%
This Diamond Ring Gary Lewis & The Playboys
29%
Big Bad John Jimmy Dean
29%
Hang On Sloopy The McCoys
29%
Eve Of Destruction Barry McGuire
28%
Monster Mash Bobby 'Boris' Pickett & The Crypt-Kickers
28%
Ringo Lorne Greene
28%
He's So Fine The Chiffons
28%
Good Livin' | Groovin' The Young Rascals
28%
Tossin' And Turnin' Bobby Lewis
26%
Don't Break The Heart That Loves You | Everybody's Somebody's Fool | My Heart Has A Mind Of Its Own Connie Francis
26%
Duke Of Earl Gene Chandler
26%
This Guy's In Love With You Herb Alpert
26%
A World Without Love Peter & Gordon
26%
Running Bear Johnny Preston
25%
Lightnin' Strikes Lou Christie
25%
Na Na Hey Hey Kiss Him Goodbye Steam
25%
He's A Rebel The Crystals
25%
Chapel Of Love The Dixie Cups
25%
Blue Moon The Marcels
25%
People Got To Be Free The Rascals
25%
In The Year 2525 Zager & Evans
25%
Honey Bobby Goldsboro
24%
Take Good Care Of My Baby Bobby Vee
24%
Judy In Disguise (With Glasses) John Fred & His Playboy Band
24%
Telstar The Tornados
24%
Love Theme from Romeo & Juliet Henry Mancini
22%
Harper Valley P.T.A. Jeannie C Riley
22%
Johnny Angel Shelley Fabares
22%
Green Tambourine The Lemon Pipers
22%
Tighten Up Archie Bell & The Drells
21%
Over And Over The Dave Clark Five
21%
Winchester Cathedral The New Vaudeville Band
21%
Calcutta Lawrence Welk
20%
I Will Follow Him Little Peggy March
20%
Stay Maurice Williams & The Zodiacs
20%
Stranger On The Shore Mr Acker Bilk
20%
Moody River Pat Boone
20%
The Ballad Of The Green Berets Barry Sadler
18%
Love Is Blue Paul Mauriat
18%
Game Of Love Wayne Fontana & The Mindbenders
18%
Hey! Baby Bruce Channel
17%
I'm Telling You Now Freddie & The Dreamers
17%
Alley-Oop Hollywood Argyles
17%
Sukiyaki Kyu Sakamoto
17%
Teen Angel Mark Dinning
17%
Go Away Little Girl Steve Lawrence
17%
My Boyfriend's Back The Angels
17%
The Stripper David Rose
16%
Quarter To Three Gary US Bonds
16%
Poor Side Of Town Johnny Rivers
16%
Mr Custer Larry Verne
16%
Wonderland By Night Bert Kaempfert
14%
Grazing In The Grass Hugh Masekela
14%
Peppermint Twist Joey Dee & The Starliters
14%
Deep Purple Nino Tempo & April Stevens
14%
Kind Of A Drag The Buckinghams
14%
Mother-In-Law Ernie K-Doe
13%
If You Wanna Be Happy Jimmy Soul
13%
Walk Right In The Rooftop Singers
13%
Wooden Heart (Muss I Denn) Joe Dowell
12%
Our Day Will Come Ruby & The Romantics
12%
Easier Said Than Done The Essex
12%
Michael The Highwaymen
12%
I'm Leaving It Up To You Dale & Grace
11%
So Much In Love The Tymes
11%
(I Can't Get No) Satisfaction The Rollins Stones
1%
No matching quizzes found
Score Distribution
Percent of People with Each Score
Percentile by Number Answered
Your Score History
You have not taken this quiz